Mandara. rasarushi Damodara Mandechchara samsmarana grantha. (Record no. 89164)

MARC details
000 -LEADER
fixed length control field 00721nam a2200205Ia 4500
003 - CONTROL NUMBER IDENTIFIER
control field OSt
005 - DATE AND TIME OF LATEST TRANSACTION
control field 20250927102126.0
008 - FIXED-LENGTH DATA ELEMENTS--GENERAL INFORMATION
fixed length control field 210210b1986 xxu||||| |||| 00| 0 eng d
040 ## - CATALOGING SOURCE
Transcribing agency AL
041 ## - LANGUAGE CODE
Language code of text/sound track or separate title Kannada
082 ## - DEWEY DECIMAL CLASSIFICATION NUMBER
Classification number 398.2K RAVM
100 ## - MAIN ENTRY--PERSONAL NAME
Personal name RAV (H B L).
Dates associated with a name ರಾವ್ (ಹೆಚ್ ಬಿ ಎಲ್ )
9 (RLIN) 240739
245 ## - TITLE STATEMENT
Title Mandara. rasarushi Damodara Mandechchara samsmarana grantha.
Remainder of title ಮಂದಾರ. ರಸರುಷಿ ದಾಮೋದರ ಮಂಡೇಚ್ಚರ ಸಂಸ್ಮರಣ ಗ್ರಂಥಾ
260 ## - PUBLICATION, DISTRIBUTION, ETC.
Place of publication, distribution, etc. Mumbayi.
Name of publisher, distributor, etc. Padavidhara Yakshagana Samiti.,
Date of publication, distribution, etc. 1986
300 ## - PHYSICAL DESCRIPTION
Extent 22,183
650 ## - SUBJECT ADDED ENTRY--TOPICAL TERM
Topical term or geographic name entry element Damodara Mundechcha
9 (RLIN) 240740
690 ## - LOCAL SUBJECT ADDED ENTRY--TOPICAL TERM (OCLC, RLIN)
Topical term or geographic name as entry element Yakshagana
9 (RLIN) 240741
906 ## - LOCAL DATA ELEMENT F, LDF (RLIN)
a 039048
942 ## - ADDED ENTRY ELEMENTS (KOHA)
Source of classification or shelving scheme Dewey Decimal Classification
Koha item type Book
Holdings
Withdrawn status Lost status Source of classification or shelving scheme Damaged status Not for loan Collection code Home library Current library Shelving location Date acquired Source of acquisition Cost, normal purchase price Total Checkouts Full call number Barcode Date last seen Price effective from Koha item type
    Dewey Decimal Classification     Others St Aloysius Library St Aloysius Library   02/17/2021 Athree Book Centre, Mangalore-01. 20.00   398.2K RAVM 039048 02/17/2021 02/17/2021 Book